Eric Mendelsohn/ (Record no. 18419)
[ view plain ]
| 000 -LEADER | |
|---|---|
| fixed length control field | 00881cam a22002411 4500 |
| 008 - FIXED-LENGTH DATA ELEMENTS--GENERAL INFORMATION | |
| fixed length control field | 720504s1960 nyuaf 000 0beng |
| 050 00 - LIBRARY OF CONGRESS CALL NUMBER | |
| Classification number | NA1088.M57 |
| Item number | V6 1960 |
| 100 1# - MAIN ENTRY--PERSONAL NAME | |
| Personal name | Eckardt, Wolf von |
| 245 00 - TITLE STATEMENT | |
| Title | Eric Mendelsohn/ |
| 260 ## - PUBLICATION, DISTRIBUTION, ETC. (IMPRINT) | |
| Place of publication, distribution, etc. | New York: |
| Name of publisher, distributor, etc. | G. Braziller, |
| Date of publication, distribution, etc. | 1960. |
| 300 ## - PHYSICAL DESCRIPTION | |
| Extent | 128 p. : |
| Other physical details | ill. ; |
| Dimensions | 26 cm. |
| 500 ## - GENERAL NOTE | |
| General note | "Selected bibliography of books and articles written by Eric Mendelsohn": p. 119. "Selected bibliography on Eric Mendelsohn": p. 121. |
| 942 ## - ADDED ENTRY ELEMENTS (KOHA) | |
| Source of classification or shelving scheme | |
| Koha item type | Hard Covered Materials |
| Classification part | NA1088.M57 V6 1960 |
No items available.